| 000 | 00854nam a2200265 i 4500 | ||
|---|---|---|---|
| 001 | 46341 | ||
| 003 | ES-MaACL | ||
| 005 | 20230906161351.0 | ||
| 007 | t| | ||
| 008 | 030328s1985 sp ||||1| spa d | ||
| 020 | _a84-86153-42-5 | ||
| 080 | _a070.43 | ||
| 245 | 0 | 3 |
_aLa comunicación internacional / _cPilar Escriche ... [et al.] ; obra dirigida por Mar de Fontcuberta. |
| 260 |
_aBarcelona : _bMitre, _c[1985] |
||
| 300 |
_a232 p. : _bil. ; _c22 cm. |
||
| 490 | 1 |
_aEnciclopedia de periodismo ; _v1 |
|
| 504 | _aBibliografía: p. 210-211. | ||
| 650 | 4 |
_aComunicación internacional. _9173772 |
|
| 650 | 4 |
_aComunicación intercultural. _911198 |
|
| 700 | 1 |
_aEscriche, Pilar. _947648 |
|
| 700 | 1 |
_aFontcuberta, Mar de. _951629 |
|
| 830 | 1 |
_aEnciclopedia de periodismo ; _v1 _9229321 |
|
| 852 | 4 |
_aES-MaACL _jL-10508 |
|
| 999 |
_c46341 _d46341 |
||